000 00872pam a2200253 a 4500
001 3415878
005 20171214045741.0
008 900208s1990 cou b 001 0 eng
010 _a 90032486
020 _a1555872077 (alk. paper) :
_c$32.00 (est.)
020 _a1555872085 (pbk. : alk. paper) :
_c$14.95 (est.)
040 _aDLC
_cDLC
_dDLC
041 _aeng
043 _an-us---
080 _a341.040973 FOR
082 0 0 _a341.040973 FOR
_220
100 1 _a13,
101 _aJUR
245 1 4 _aThe politics of international law :
_cDavid P. Forsythe.
504 _aIncludes bibliographical references (p. 169-171) and index.
906 _a7
_bcbc
_corignew
_d1
_eocip
_f19
_gy-gencatlg
942 _2ddc
_cBK
999 _c38926
_d38926